ბათუმის შოთა რუსთაველის სახელმწიფო უნივერსიტეტის ბიბლიოთეკა

ავტომობილების რემონტის ტექნოლოგია : (ბიბ.ჩანაწერი № 38758)

000 -ლიდერი
ფიქსირებული სიგრძის საკონტროლო ველი 01095nam a2200229Ia 4500
001 - საკონტროლო ნომერი
საკონტროლო ველი 5092
003 - საკონტროლო ნომრის იდენტიფიკატორი
საკონტროლო ველი GE_BSU
005 - ბოლო ოპერაციის თარიღი და დრო
საკონტროლო ველი 20190523143209.0
008 - ფიქსირებული სიგრძის მონაცემთა ელემენტები - ზოგადი ინფორმაცია
ფიქსირებული სიგრძის საკონტროლო ველი 181216s1963||||ge |||||||||||||| ||geo||
040 ## - კატალოგიზაციის წყარო
Transcribing agency GE_BSU
041 ## - ენის კოდი
Language code of text/sound track or separate title geo
080 ## - უნივერსალური ათობითი კლასიფიკაციის ინდექსი
Universal Decimal Classification number 629.113(076) უ-88
100 ## - მთავარი ჩანაწერი - პიროვნების სახელი
Personal name უშვერიძე, გ.
9 (RLIN) 1520
245 ## - ცნობა სათაურის შესახებ
Title ავტომობილების რემონტის ტექნოლოგია :
Remainder of title ლაბორატორიული სამუშაოები. /
Statement of responsibility, etc გ. უშვერიძე, გ. ჩხაიძე, ვ. ოდიშარია ; რედ. გ. მეძმარიაშვილი.
264 ## - წარმოების, გამოცემის, დისტრიბუციის და სხვა ცნობები
გამოცემის, წარმოების, დისტრიბუციის... ადგილი თბილისი :
გამოცემის, წარმოების, დისტრიბუციის... სახელწოდება ცოდნა,
გამოცემის, წარმოების, დისტრიბუციის... თარიღი 1963.
300 ## - ფიზიკური აღწერა
Extent 163 გვ. :
Other physical details ილ.;
Dimensions 20 სმ.
504 ## - BIBLIOGRAPHY, ETC. NOTE
Bibliography, etc ბიბლიოგრ. : გვ.161.
653 ## - INDEX TERM--UNCONTROLLED
Uncontrolled term ავტომობილების რემონტის ტექნოლოგია
700 ## - ADDED ENTRY--PERSONAL NAME
Personal name ჩხაიძე, გ.
Relator term ავტორი
9 (RLIN) 1521
700 ## - ADDED ENTRY--PERSONAL NAME
Personal name ოდიშარია, ვ.
Relator term ავტორი
9 (RLIN) 1522
942 ## - ADDED ENTRY ELEMENTS (KOHA)
Koha item type წიგნი
Source of classification or shelving scheme
ეგზემპლარები
ჩამოწერის სტატუსი დაკარგული ეგზემპლარის სტატუსი კლასიფიკაციის წყარო ან თაროზე გაწყობის სქემა დაზიანების სტატუსი არ გაიცემა მუდმივი მდებარეობა (დაცვის ადგილი) ამჟამინდელი ადგილსამყოფელი თაროზე განთავსების ადგილი შეძენის თარიღი ღირებულება, შესყიდვის ნორმალური ფასი სრული შენახვის შიფრი შტრიხკოდი ბოლო ოპერაციის თარიღი ეგზემპლარის მიმდევრობითი ნომერი (კეტერი?) ფასის ძალაში შესვლის თარიღი ეგზემპლარის სახეობა საჯარო შენიშვნა
          ტექნოლოგიური ფაკულტეტის ბიბლიოთეკა ტექნოლოგიური ფაკულტეტის ბიბლიოთეკა წიგნის კალათა 2018-12-17 0.68 629.113(076) უ-88 11951 2018-12-17 11951 2018-12-17 წიგნი 0.68 ლ.
          ტექნოლოგიური ფაკულტეტის ბიბლიოთეკა ტექნოლოგიური ფაკულტეტის ბიბლიოთეკა წიგნსაცავი 2018-12-17 0.68 629.113(076) უ-88 11952 2018-12-17 11952 2018-12-17 წიგნი 0.68 ლ.
          ტექნოლოგიური ფაკულტეტის ბიბლიოთეკა ტექნოლოგიური ფაკულტეტის ბიბლიოთეკა წიგნსაცავი 2018-12-17 0.68 629.113(076) უ-88 11953 2018-12-17 11953 2018-12-17 წიგნი 0.68 ლ.